LEADER 01088nas a2200253 i 4500 001 000000151621 003 CaOOAMICUS 005 20240529144913.0 008 060428b2006 fr uu u0 0fre r 013 $a128960 040 $aSeMil$bita 245 13$aLa quête du Graal :$bde Chrétien de Troyes au Da Vinci Code ; France : l'islam des prisons [Enquête]. 260 $aParis :$bMalesherbes,$c2006. 300 $a82 p. :$bill. ;$c28 cm. 500 $aTitoli principali dalla copertina. 650 4$aGraal.$0(OLS)http://semarc/subject/21125 773 0 $tMonde des Religions.$dParis : Malesherbes, 2003.$x1743-3346$w()12515 774 0 $t[vedi periodico].$w()264329 850 $aSeMil 852 $aSeMil$W1$xVenegono$y1$m98 6 24/3$j103641$B103641$CSeMilBibl$Z2$F116530 $85 961 $aAbbonamento: Malesherbes Publications 996 $6245$aLa quête du Graal :$bde Chrétien de Troyes au Da Vinci Code ; France : l'islam des prisons [Enquête]$9(OLS)http://semarc/title/221596 996 $6260$aParis :$bMalesherbes$9(OLS)http://semarc/publisher/31137 LEADER 00901nam a2200241 i 4500 001 000000164657 003 CaOOAMICUS 005 20070921000000.0 008 070921s1985 it u000 u ita u 013 $a142025 040 $aSeMil$bita 100 1 $aBo, Carlo,$d<1911-2001>.$0(OLS)http://semarc/name/7656 245 10$aSolitudine e carità /$cCarlo Bo ; a cura di Gastone Mosci. 260 $aMilano :$bCamunia,$ccopyr. 1985. 300 $a340 p. ;$c23 cm. 490 0 $aPensieri & piaceri 700 1 $aMosci, Gastone.$0(OLS)http://semarc/name/46793 830 0$aPensieri & piaceri.$0(OLS)http://semarc/title/8007 850 $aSeMil 852 $aSeMil$W1$xVenegono$y1$m1B V 201$j248458$B115889$CSeMilBibl$Z2$F126720 $81 961 $aRecupero: Altro 996 $6245$aSolitudine e carità$9(OLS)http://semarc/title/234948 996 $6260$aMilano :$bCamunia$9(OLS)http://semarc/publisher/31567